Effectif USL Dunkerque 2024/2025 - Statistiques

Statistiques générales
  • Ce quiz a été pris 40 fois
  • Le résultat moyen est 18 sur 27
Statistiques - réponses
Numéro Pays Poste Réponse % Correct
1 France Gardien Ewen Jaouen
96%
31 France Milieu Abdoullah Ba
93%
80 Maroc Ailier Gessime Yassine
93%
20 France Milieu Enzo Bardeli
85%
22 Finlande Milieu Naatan Skytta
85%
26 Guinée - Bissau Défenseur Opa Sanganté
85%
18 France Attaquant Gaëtan Courtet
81%
9 Pays-Bas Attaquant Kay Tejan
81%
2 France Défenseur Alec Georgen
78%
30 Brésil Défenseur Felipe Abner
78%
23 France Défenseur Vincent Sasso
78%
19 Maroc Attaquant Yacine Bammou
78%
16 Espagne Gardien Adrian Ortola
74%
8 France Ailier Maxence Rivera
70%
28 France Milieu Ugo Raghouber
70%
77 Arabie Saoudite Ailier Muhannad Al-Saad
67%
11 Roumanie Ailier Alexi Pitu
56%
21 France Défenseur Geoffrey Kondo
56%
10 France Ailier Marco Essimi
52%
24 Guinée Gardien Ibrahim Koné
48%
13 France / Guadeloupe Défenseur Senneville
48%
15 Mali Milieu Anto Sekongo
44%
5 Portugal Défenseur Diego Queiros
44%
27 France Défenseur Allan Linguet
41%
17 Comores Défenseur Benjaloud Youssouf
41%
25 Angola Défenseur Nurio Fortuna
37%
4 France Défenseur Nehemiah Fernandez
33%
Aucun quiz correspondant
Distribution des résultats
% des personnes avec chaque résultat
Percentile par nombre de réponses
Votre historique - résultats
Vous n’avez pas pris ce quiz